000 00965nam a2200241 a 4500
003 BD-DhJNU
005 20260126051433.0
008 251108s2024 bg |||g |||| 000 1|ben|d
020 _a9789849623458
040 _aBD-DhJNU
_bben
_cBD-DhJNU
_dBD-DhJNU
041 _aben
082 _a701.17 NAN
_223
245 1 0 _aনন্দনতত্ত্বের ইতিহাস /
_cশফিকুল ইসলাম (অনুবাদক)
246 _aNandantotter Itihas
250 _a1st ed.
260 _aঢাকা :
_bমিসেস নূরজাহান,
_c2024.
300 _a৫৭৫ পৃ. :
_bচিত্র ;
_c২২ সেমি.।
504 _aগ্রন্থপঞ্জিগত নির্দেশিকা ও নিঘন্ট অন্তভূক্ত
650 _aশিল্পদর্শন
650 _aArt philosophy
700 a _aইসলাম, শফিকুল
_eঅনুবাদক
942 _cBK
999 _c2561
_d2561